000 00369nam a2200145Ia 4500
005 20251222141804.0
008 251222s9999||||xx |||||||||||||| ||spa||
020 _a970-686-108-4
082 _a658.3/B69
100 _aBohlander, George
245 0 _aAdministración de Recursos Humanos
250 _a12a.ed.
264 _bInternational Thomson Editores
942 _cLIB
999 _c6237
_d6237